000 00332nam a2200145Ia 4500
008 220204s9999 xx 000 0 und d
082 _a539.3
_bTIM;1
100 _aGoodier, J N
245 0 _aTheory of elasticity
250 _aEd.3
260 _aLondon
_bMcGraw Hill
_c1970
650 _aElasticity
700 _aS P
942 _cBK
999 _c22406
_d22406